| 000 | 00729nam a2200229 a 4500 | ||
|---|---|---|---|
| 001 | 4914 | ||
| 003 | CO-ViMGA | ||
| 008 | 141112s2004 ck r 000 u spa d | ||
| 020 | _a8477744092 | ||
| 040 |
_aCO-ViMGA _bspa _cCO-ViMGA |
||
| 082 | 0 | 4 | _a370.7122 K154 |
| 100 | 1 |
_aKamii, Constance _950070 |
|
| 245 | 1 | 0 | _aEl número en la educación |
| 250 | _a3a | ||
| 260 |
_aMadrid : _bVisor, _c1992 |
||
| 300 | _a96 p : il | ||
| 490 | _aAprendizaje 9 | ||
| 505 | _aLa naturaleza del numero. Objetivos para enseñar el numero. Principios de enseñanza. Situaciones que el maestro puede utilizar en la escuela. | ||
| 650 | 1 | 4 |
_aeducación PREESCOLAR _94994 |
| 650 | 1 | 4 |
_aMATEMATICAS - educación PREESCOLAR _93083 |
| 942 |
_2ddc _cBK |
||
| 999 |
_c16920 _d16920 |
||